000
00275nam a22001217a 4500
008
180919b xxu||||| |||| 00| 0 eng d
041
_a
eng
080
_a
510
100
_a
37
101
_a
MAT
245
_a
Modern Algebra Logical Approach
_c
Pearson.h.H
942
_2
udc
_c
BK
999
_c
48070
_d
48070